|
|
|
|
| LEADER |
00000nam a22000007a 4500 |
| 005 |
20191010222754.0 |
| 007 |
cr|||| |||| |
| 008 |
191010s2019 ar |||||s|||| 00||0 spa d |
| 020 |
|
|
|a 9786200009081
|
| 035 |
|
|
|a 30049
|
| 040 |
|
|
|a vLex
|
| 090 |
|
|
|c 9774
|d 9774
|
| 100 |
1 |
|
|a Manola, Eduardo J.
|
| 245 |
1 |
0 |
|a Cuestiones de Siniestros en el Derecho de Seguros Argentino
|h [Recurso electrn̤ico] /
|c Eduardo J. Manola
|
| 256 |
|
|
|a Servicio en ln̕ea
|
| 260 |
|
|
|a Buenos Aires:
|b Editorial Acadm̌ica Espaǫla,
|c 2019
|
| 300 |
|
|
|a 1 recurso electrn̤ico
|
| 500 |
|
|
|a ¿Cm̤o se puede fidelizar a los asegurados de una compaą̕ aseguradora? ¿Por qu ̌razn̤ el asegurador no acostumbra a ejercer su derecho al recupero de las sumas abonadas por un siniestro contra el asegurado que incumpli ̤su obligacin̤ contractual de denunciarlo? ¿Cul̀ es la verdadera naturaleza jurd̕ica de la obligacin̤ que nace entre los condenados por un accidente de trǹsito cuando uno de ellos abona el total de la condena solidaria? ¿Cul̀ es la mejor forma de encarar la problemt̀ica de la negociacin̤ de siniestros a la la hora de definir polt̕icas de transaccin̤ por parte de las aseguradoras? Estos son algunos de los interrogantes que se plantea el autor, y sus respuestas se hallan en las pg̀inas de este trabajo realizado a travš de la experiencia adquirida durante aǫs de ejercicio de la profesin̤ y asesoramiento en el mercado asegurador de la Repb︢lica Argentina.
|
| 506 |
1 |
|
|a Disponible solo en los productos indicados
|d vLex Global
|d vLex Global (Academic Edition, excluding Law Schools)
|d vLex Global (U.S. Academic Edition, Law Schools)
|d vLex Global (U.S. Academic Edition, excluding Law Schools)
|d vLex Global (Academic Edition, Law Schools)
|
| 650 |
0 |
4 |
|a Derecho Civil
|z Argentina
|
| 740 |
0 |
|
|a vLex Libros (Servicio en ln̕ea)
|
| 856 |
4 |
0 |
|u http://vlex.com/source/30049
|z Acceso restringido
|
| 942 |
|
|
|c BOOK
|
| 999 |
0 |
|
|a Civil Law
|